|
|
|
|
| LEADER |
00000cam a22000002c 4500 |
| 001 |
1650470673 |
| 003 |
DE-627 |
| 005 |
20251225205627.0 |
| 007 |
tu |
| 008 |
900411s1981 xxu||||| 00| ||eng c |
| 020 |
|
|
|a 0138208867
|9 0-13-820886-7
|
| 035 |
|
|
|a (DE-627)1650470673
|
| 035 |
|
|
|a (DE-576)020188900
|
| 035 |
|
|
|a (DE-599)BSZ020188900
|
| 035 |
|
|
|a (OCoLC)6762058
|
| 035 |
|
|
|a (OCoLC)06762058
|
| 035 |
|
|
|a (DE-604)8036898058
|
| 040 |
|
|
|a DE-627
|b ger
|c DE-627
|e rakwb
|
| 041 |
|
|
|a eng
|
| 044 |
|
|
|c XD-US
|
| 050 |
|
0 |
|a RC455
|
| 082 |
0 |
|
|a 616.89
|
| 082 |
0 |
|
|a 362.2/042
|q OCLC
|
| 084 |
|
|
|a MS 6250
|2 rvk
|0 (DE-625)rvk/123746:
|
| 084 |
|
|
|a DT 3000
|2 rvk
|0 (DE-625)rvk/20009:761
|
| 100 |
1 |
|
|8 1\p
|a Cockerham, William C.
|d 1939-
|0 (DE-588)141505893
|0 (DE-627)629436398
|0 (DE-576)32418655X
|4 aut
|
| 109 |
|
|
|a Cockerham, William C. 1939-
|
| 245 |
1 |
0 |
|a Sociology of mental disorder
|c William C. Cockerham
|
| 264 |
|
1 |
|a Englewood Cliffs, N.J.
|b Prentice-Hall
|c 1981
|
| 300 |
|
|
|a VIII, 408 S.
|
| 336 |
|
|
|a Text
|b txt
|2 rdacontent
|
| 337 |
|
|
|a ohne Hilfsmittel zu benutzen
|b n
|2 rdamedia
|
| 338 |
|
|
|a Band
|b nc
|2 rdacarrier
|
| 500 |
|
|
|a Bibliography: p. 376-402
|
| 583 |
1 |
|
|a Archivierung prüfen
|c 20200919
|f DE-640
|z 1
|2 pdager
|
| 583 |
1 |
|
|a Archivierung prüfen
|c 20240324
|f DE-4165
|z 1
|2 pdager
|
| 653 |
|
0 |
|a Social psychiatry
|
| 653 |
|
0 |
|a Mentally ill
|a Social conditions
|
| 689 |
0 |
0 |
|d s
|0 (DE-588)4047682-0
|0 (DE-627)104117265
|0 (DE-576)209074345
|a Psychisch Kranker
|2 gnd
|
| 689 |
0 |
1 |
|d s
|0 (DE-588)4077624-4
|0 (DE-627)104152036
|0 (DE-576)209205849
|a Soziologie
|2 gnd
|
| 689 |
0 |
|
|5 (DE-627)
|
| 883 |
|
|
|8 1\p
|a cgwrk
|d 20241001
|q DE-101
|u https://d-nb.info/provenance/plan#cgwrk
|
| 889 |
|
|
|w (DE-627)024651168
|
| 935 |
|
|
|i mdedup
|
| 936 |
r |
v |
|a MS 6250
|b Sozialpsychiatrie, Psychiatrie, Psychische Gesundheit
|k Soziologie
|k Spezielle Soziologien
|k Medizinsoziologie
|k Sozialpsychiatrie, Psychiatrie, Psychische Gesundheit
|0 (DE-627)1271441381
|0 (DE-625)rvk/123746:
|0 (DE-576)201441381
|
| 936 |
r |
v |
|a DT 3000
|b Allgemeines und Deutschland
|k Pädagogik
|k Heilpädagogik, Sonderpädagogik
|k Förderschwerpunkte
|k Menschen mit geistiger Behinderung
|k Allgemeines
|k Allgemeines und Deutschland
|0 (DE-627)1270809377
|0 (DE-625)rvk/20009:761
|0 (DE-576)200809377
|
| 951 |
|
|
|a BO
|
| ELC |
|
|
|b 1
|
| LOK |
|
|
|0 000 xxxxxcx a22 zn 4500
|
| LOK |
|
|
|0 001 3337022480
|
| LOK |
|
|
|0 003 DE-627
|
| LOK |
|
|
|0 004 1650470673
|
| LOK |
|
|
|0 005 20020606000000
|
| LOK |
|
|
|0 008 900411||||||||||||||||ger|||||||
|
| LOK |
|
|
|0 040
|a DE-21
|c DE-627
|d DE-21
|
| LOK |
|
|
|0 852
|a DE-21
|
| LOK |
|
|
|0 852 1
|c KB 12 A 928
|9 00
|
| LOK |
|
|
|0 935
|a krim
|
| LOK |
|
|
|0 936ln
|a k8.6.8
|
| LOK |
|
|
|0 939
|a 11-04-90
|b l01
|
| ORI |
|
|
|a SA-MARC-krimdoka001.raw
|
| SIG |
|
|
|a UB: KB 12 A 928
|